Liedtext - Halt dich an mir fest - Revolverheld - Statistiken

Allgemein
  • Dieses Quiz wurde 760 mal gespielt
  • Das Durchschnittsergebnis liegt bei 237 aus 294
Antwortstatistiken
Textquiz % Korrekt
an
99%
dich
99%
Halt
99%
mir
99%
fest
98%
wenn
96%
Du
95%
du
95%
nicht
94%
mehr
93%
Leben
91%
weißt
91%
weiter
91%
Ich
89%
ich
89%
dein
86%
das
85%
Das
85%
zerreißt
84%
kann
82%
ist
77%
was
77%
alles
74%
bleibt
72%
verstehn
72%
mich
69%
so
68%
Die
66%
die
66%
und
66%
hast
64%
weil
62%
lang
61%
nichts
59%
angesehen
58%
uns
58%
dir
55%
erzählt
54%
bis
51%
den
51%
lass
50%
sein
50%
Unsere
50%
unsere
50%
kannst
49%
sagst
47%
noch
46%
haben
45%
berührt
44%
Fotos
44%
schon
44%
bist
43%
nur
43%
fehlt
42%
Licht
42%
Siehst
42%
abgenommen
41%
gewesen
41%
irgendetwas
41%
Jahre
41%
Zeit
41%
doch
39%
glaub
39%
letzten
38%
schlafen
38%
verwirrt
37%
von
37%
aufgewühlt
35%
bin
35%
gehen
35%
her
35%
aus
34%
hin
34%
Weg
34%
rufst
33%
dieser
32%
Dunkelheit
30%
neben
30%
einsam
29%
wälzt'
29%
Nächte
28%
Schläfst
27%
abgewandt
26%
bereit
26%
Willst
25%
gehn
22%
raus
16%
Keine übereinstimmenden Quizze gefunden
Verteilung der Resultate
Anzahl Personen mit jedem Resultat
Perzentil nach korrekt beantworteten Fragen
Ihre Resultats-Entwicklung
Sie haben dieses Quiz noch nicht gespielt